[Event "Statisztika"]
[Site "Budapest"]
[Date "1991.??.??"]
[Round "6"]
[White "Kovacs, Janos"]
[Black "Lehmann, Heinz"]
[Result "0-1"]
[WhiteElo "2345"]
[BlackElo "2315"]
[EventDate "1991.??.??"]
[PlyCount "88"]

1.d4 Nf6 2.c4 g6 3.Nf3 Bg7 4.g3 O-O 5.Bg2 d5 6.O-O c6 7.b3 Bf5 8.Nc3 Ne4 
9.Bb2 Nd7 10.cxd5 Nxc3 11.Bxc3 cxd5 12.Nh4 Be6 13.e4 Nf6 14.e5 Ne4 15.Bb2 
f6 16.f3 Ng5 17.Qd2 Qd7 18.Rac1 Bh6 19.Kh1 Rac8 20.Qb4 Rfd8 21.Rfe1 b6 22.
Bf1 fxe5 23.dxe5 Rxc1 24.Bxc1 d4 25.f4 Nh3 26.Nf3 Bd5 27.Bc4 g5 28.Bxd5+ 
Qxd5 29.Qc4 Qxc4 30.bxc4 Nf2+ 31.Kg2 Nd3 32.Rd1 Nxc1 33.fxg5 Nxa2 34.gxh6 
d3 35.Ne1 Nb4 36.Kf3 Rd4 37.Ke3 Rxc4 38.Nxd3 Nxd3 39.Kxd3 Rc6 40.Ke4 Kf7 
41.Kf5 Rxh6 42.h4 Rh5+ 43.Kf4 Ke6 44.Re1 Rf5+ 0-1

[Event "Statisztika"]
[Site "Budapest"]
[Date "1991.??.??"]
[Round "6"]
[White "Peters, Carsten"]
[Black "Gyorkos, Lajos"]
[Result "0-1"]
[WhiteElo "2275"]
[BlackElo "2390"]
[EventDate "1991.??.??"]
[PlyCount "50"]

1.d4 Nf6 2.c4 c5 3.d5 b5 4.cxb5 a6 5.e3 g6 6.Nc3 Bg7 7.Nf3 O-O 8.a4 Bb7 9.
Be2 axb5 10.Bxb5 e6 11.dxe6 fxe6 12.Qd6 Qc8 13.O-O Ne8 14.Qd3 Nc7 15.Bc4 
d5 16.Ba2 Ba6 17.Nb5 Qd7 18.Rd1 Nxb5 19.axb5 Bxb5 20.Qc2 c4 21.Qd2 Nc6 22.
e4 d4 23.Qg5 Nb4 24.Ne5 Qe8 25.Nxc4 Bxc4 0-1

[Event "Statisztika"]
[Site "Budapest"]
[Date "1991.??.??"]
[Round "6"]
[White "Steckner, Johannes"]
[Black "Varga, Sandor"]
[Result "1-0"]
[WhiteElo "2300"]
[BlackElo "2205"]
[EventDate "1991.??.??"]
[PlyCount "103"]

1.d4 Nf6 2.c4 g6 3.g3 Bg7 4.Bg2 O-O 5.Nc3 d6 6.Nf3 c5 7.d5 e5 8.e4 Ne8 9.
O-O f5 10.exf5 gxf5 11.Ne1 Nf6 12.f4 e4 13.Nc2 Qe8 14.Ne3 Na6 15.Bh3 Qg6 
16.a3 h5 17.Kh1 Bd7 18.Nb5 Ng4 19.Bxg4 hxg4 20.h4 gxh3 21.Rg1 Bxb5 22.cxb5
Nc7 23.g4 Nxb5 24.gxf5 Qh7 25.Rg5 Rf6 26.Ng4 Rxf5 27.Nh6+ Qxh6 28.Rxf5 Nd4
29.Rh5 Qg6 30.Rxh3 Kf7 31.Qf1 Nf3 32.Be3 Bf6 33.Rc1 Rg8 34.Rc2 Rg7 35.b4 
b6 36.Rg2 Qxg2+ 37.Qxg2 Rxg2 38.Kxg2 Bd4 39.Kf2 Kg6 40.b5 Nd2 41.Ke2 Nc4 
42.Bc1 Na5 43.Rg3+ Kf6 44.Rg8 Nb3 45.Be3 Bb2 46.a4 c4 47.Rf8+ Kg6 48.f5+ 
Kg7 49.Ra8 Kf6 50.Rxa7 Nd4+ 51.Kd1 Kxf5 52.a5 1-0

[Event "Statisztika"]
[Site "Budapest"]
[Date "1991.??.??"]
[Round "7"]
[White "Morvay, Miklos"]
[Black "Petran, Pal"]
[Result "0-1"]
[WhiteElo "2315"]
[BlackElo "2415"]
[EventDate "1991.??.??"]
[PlyCount "47"]

1.e4 e5 2.Nc3 Nf6 3.Bc4 Bc5 4.d3 Nc6 5.f4 d6 6.Nf3 Bg4 7.Na4 O-O 8.Nxc5 
dxc5 9.a3 Nh5 10.f5 Nd4 11.Be3 Bxf3 12.gxf3 Qh4+ 13.Bf2 Qh3 14.Kd2 Nf4 15.
c3 b5 16.Ba2 Nxf3+ 17.Kc2 c4 18.dxc4 Rfd8 19.Qf1 Rd2+ 20.Kb3 Nd3 21.cxb5 
Qg4 22.a4 Qxe4 23.Be1 Rxb2+ 24.Ka3 0-1

[Event "Statisztika"]
[Site "Budapest"]
[Date "1991.??.??"]
[Round "7"]
[White "Schneider, Attila"]
[Black "Peters, Carsten"]
[Result "1-0"]
[WhiteElo "2385"]
[BlackElo "2275"]
[EventDate "1991.??.??"]
[PlyCount "72"]

1.Nf3 Nf6 2.c4 e6 3.g3 b6 4.Bg2 Bb7 5.O-O Be7 6.Nc3 O-O 7.b3 c5 8.Bb2 d5 
9.e3 Nc6 10.cxd5 Nxd5 11.Nxd5 Qxd5 12.d4 Rad8 13.Ne5 Qd6 14.dxc5 Qxc5 15.
Nd7 Qf5 16.e4 Qg5 17.h4 Qh6 18.Bc1 g5 19.hxg5 Qg7 20.Nf6+ Bxf6 21.gxf6 
Qxf6 22.Qg4+ Kh8 23.Bg5 Qg6 24.Qh4 f6 25.Bh6 Rf7 26.Rac1 Nd4 27.Kh2 Rfd7 
28.Rfd1 e5 29.Rc3 Kg8 30.Rcd3 Ba6 31.Re3 Rc8 32.Bh3 f5 33.Rxd4 exd4 34.
exf5 Qf7 35.Re4 Kh8 36.f6 Bb7 1-0

[Event "Statisztika"]
[Site "Budapest"]
[Date "1991.??.??"]
[Round "7"]
[White "Varga, Sandor"]
[Black "Higatsberger, Michael"]
[Result "1/2-1/2"]
[WhiteElo "2205"]
[BlackElo "2200"]
[EventDate "1991.??.??"]
[PlyCount "49"]

1.e4 c5 2.Nc3 Nc6 3.f4 g6 4.Nf3 Bg7 5.Bb5 Nd4 6.O-O Nxb5 7.Nxb5 d6 8.d3 
Bd7 9.Nc3 e6 10.Be3 Ne7 11.e5 Nf5 12.Qe1 Bc6 13.Ne4 dxe5 14.fxe5 Bxe4 15.
Bg5 Qc7 16.Qxe4 h6 17.Qa4+ Qd7 18.Qxd7+ Kxd7 19.Bf6 Bxf6 20.exf6 Rhd8 21.
Ne5+ Ke8 22.Rf3 h5 23.Rh3 Nh6 24.Re1 Rd4 25.c3 1/2-1/2

[Event "Statisztika"]
[Site "Budapest"]
[Date "1991.??.??"]
[Round "8"]
[White "Higatsberger, Michael"]
[Black "Lehmann, Heinz"]
[Result "0-1"]
[WhiteElo "2200"]
[BlackElo "2315"]
[EventDate "1991.??.??"]
[PlyCount "46"]

1.c4 Nf6 2.Nc3 e5 3.g3 g6 4.Bg2 Bg7 5.d3 O-O 6.Rb1 a5 7.a3 c6 8.b4 axb4 9.
axb4 d5 10.cxd5 Nxd5 11.Bd2 Be6 12.Ne4 h6 13.Nc5 Bc8 14.Qc1 Kh7 15.b5 b6 
16.bxc6 Nxc6 17.Na4 Nce7 18.Nxb6 Nxb6 19.Rxb6 Qxb6 20.Bxa8 Be6 21.Bg2 Rc8 
22.Qd1 Qb2 23.Nf3 Bb3 0-1

[Event "Statisztika"]
[Site "Budapest"]
[Date "1991.??.??"]
[Round "8"]
[White "Izsak, Gyula"]
[Black "Gyorkos, Lajos"]
[Result "1/2-1/2"]
[WhiteElo "2285"]
[BlackElo "2390"]
[EventDate "1991.??.??"]
[PlyCount "63"]

1.e4 c5 2.Nf3 d6 3.d4 cxd4 4.Nxd4 Nf6 5.Nc3 Nc6 6.Be2 e5 7.Nb3 Be7 8.O-O 
O-O 9.Be3 a5 10.f3 Be6 11.Bb5 d5 12.exd5 Nxd5 13.Nxd5 Bxd5 14.c4 Be6 15.
Qxd8 Rfxd8 16.Bb6 Rdc8 17.Nc5 Bxc5+ 18.Bxc5 Na7 19.Bxa7 Rxa7 20.b3 f6 21.
Rfd1 Kf7 22.Rd6 Ke7 23.Rad1 Rc7 24.Rd8 b6 25.Re8+ Kf7 26.Rb8 Rab7 27.Rdd8 
Ke7 28.Kf2 Bf5 29.Ba6 Ra7 30.Bb5 Rab7 31.Ba6 Ra7 32.Bb5 1/2-1/2

[Event "Statisztika"]
[Site "Budapest"]
[Date "1991.??.??"]
[Round "8"]
[White "Kovacs, Janos"]
[Black "Steckner, Johannes"]
[Result "0-1"]
[WhiteElo "2345"]
[BlackElo "2300"]
[EventDate "1991.??.??"]
[PlyCount "35"]

1.d4 e6 2.c4 Nf6 3.Nf3 d5 4.g3 Bb4+ 5.Bd2 Be7 6.Bg2 O-O 7.O-O c6 8.Qc2 b6 
9.Nc3 Ba6 10.cxd5 cxd5 11.Ne5 Bb7 12.Nb5 a6 13.Nxf7 Kxf7 14.Nc7 Ra7 15.Bh3
Bc8 16.Bf4 Bd6 17.Bxd6 Qxd6 18.Rac1 0-1

[Event "Statisztika"]
[Site "Budapest"]
[Date "1991.??.??"]
[Round "8"]
[White "Nemeth, Zoltan"]
[Black "Schneider, Attila"]
[Result "1-0"]
[WhiteElo "2345"]
[BlackElo "2385"]
[EventDate "1991.??.??"]
[PlyCount "67"]

1.Nf3 c5 2.g3 b6 3.Bg2 Bb7 4.c4 Nf6 5.Nc3 e6 6.d4 cxd4 7.Qxd4 d6 8.b3 Be7 
9.O-O Nbd7 10.Rd1 a6 11.Ba3 Nc5 12.e4 Qc8 13.Bb2 O-O 14.e5 dxe5 15.Nxe5 
Bxg2 16.Kxg2 Qb7+ 17.Kg1 Rfd8 18.Qe3 Rxd1+ 19.Rxd1 b5 20.cxb5 axb5 21.b4 
Na4 22.Nxa4 Rxa4 23.a3 Nd5 24.Qe2 Ra8 25.Nd3 Nb6 26.Qe5 Bf6 27.Qxb5 Qf3 
28.Rc1 Nd5 29.Qc6 Rd8 30.Bxf6 gxf6 31.Nf4 Qxa3 32.Nxd5 Rxd5 33.Qe8+ Kg7 
34.Rc7 1-0

[Event "Statisztika"]
[Site "Budapest"]
[Date "1991.??.??"]
[Round "8"]
[White "Peters, Carsten"]
[Black "Morvay, Miklos"]
[Result "1/2-1/2"]
[WhiteElo "2275"]
[BlackElo "2315"]
[EventDate "1991.??.??"]
[PlyCount "85"]

1.d4 d5 2.c4 e6 3.Nc3 c6 4.Nf3 f5 5.Bf4 Nf6 6.cxd5 exd5 7.e3 Be7 8.Bd3 Ne4
9.Nd2 O-O 10.O-O Nd7 11.f3 Nxd2 12.Qxd2 Nf6 13.Qc2 g6 14.Kh1 Nh5 15.Be5 
Bf6 16.f4 Be6 17.Na4 Bxe5 18.dxe5 Qh4 19.Kg1 Qe7 20.Be2 Ng7 21.Nc5 Rac8 
22.b4 b6 23.Nxe6 Nxe6 24.Qb3 Rfd8 25.Rad1 Kh8 26.Kh1 Rc7 27.b5 d4 28.bxc6 
Nc5 29.Qa3 dxe3 30.Qxe3 Rxc6 31.Rxd8+ Qxd8 32.Rd1 Qe7 33.g3 Rc7 34.Rd6 Ne4
35.Qd4 Rc1+ 36.Kg2 Rc8 37.Rd7 Qc5 38.Qxc5 Rxc5 39.Rxa7 Rc2 40.Kf3 Rc3+ 41.
Kg2 Rc2 42.Kf3 Rc3+ 43.Kg2 1/2-1/2

[Event "Statisztika"]
[Site "Budapest"]
[Date "1991.??.??"]
[Round "8"]
[White "Petran, Pal"]
[Black "Varga, Sandor"]
[Result "1-0"]
[WhiteElo "2415"]
[BlackElo "2205"]
[EventDate "1991.??.??"]
[PlyCount "49"]

1.d4 Nf6 2.c4 g6 3.Nc3 Bg7 4.e4 d6 5.Be2 O-O 6.Nf3 c5 7.d5 b5 8.cxb5 a6 9.
b6 Nfd7 10.b7 Bxb7 11.O-O Nb6 12.a4 a5 13.Bf4 f5 14.e5 dxe5 15.Bxe5 Bxe5 
16.Nxe5 N8d7 17.Nc6 Qe8 18.Bb5 Bxc6 19.dxc6 Nf6 20.Re1 Qf7 21.Qe2 Ra7 22.
Qe5 Nc8 23.Qxc5 e6 24.Rxe6 Kg7 25.Rae1 1-0

[Event "Statisztika"]
[Site "Budapest"]
[Date "1991.??.??"]
[Round "9"]
[White "Lehmann, Heinz"]
[Black "Petran, Pal"]
[Result "1/2-1/2"]
[WhiteElo "2315"]
[BlackElo "2415"]
[EventDate "1991.??.??"]
[PlyCount "85"]

1.d4 Nf6 2.Nf3 e6 3.c4 b6 4.e3 Bb7 5.Bd3 d5 6.O-O Nbd7 7.Nc3 a6 8.Qe2 dxc4
9.Bxc4 b5 10.Bb3 c5 11.Rd1 Qc7 12.d5 Nxd5 13.Nxd5 exd5 14.Bxd5 Bxd5 15.
Rxd5 Nb6 16.Rd1 Be7 17.e4 O-O 18.g3 Rfe8 19.Bf4 Qc6 20.Qc2 Bf8 21.Re1 Rad8
22.Rac1 h6 23.h4 Qb7 24.Nh2 c4 25.Re2 Rd3 26.f3 Red8 27.Kg2 f5 28.Rf1 fxe4
29.Rxe4 Nd5 30.Qc1 c3 31.Kh3 Qc8+ 32.g4 Nf6 33.Re2 h5 34.Bg3 hxg4+ 35.Nxg4
Nxg4 36.fxg4 Bd6 37.Re3 Bxg3 38.Rxg3 Qc7 39.Rff3 Qc4 40.bxc3 Rxf3 41.Rxf3 
Qxa2 42.Qf4 Qc4 43.Qe3 1/2-1/2

[Event "Statisztika"]
[Site "Budapest"]
[Date "1991.??.??"]
[Round "9"]
[White "Schneider, Attila"]
[Black "Izsak, Gyula"]
[Result "1/2-1/2"]
[WhiteElo "2385"]
[BlackElo "2285"]
[EventDate "1991.??.??"]
[PlyCount "23"]

1.d4 d5 2.c4 e6 3.Nc3 Be7 4.Nf3 Nf6 5.Bg5 c6 6.e3 Ne4 7.Bf4 Nd7 8.Nxe4 
dxe4 9.Nd2 f5 10.c5 e5 11.dxe5 Nxc5 12.Nc4 1/2-1/2

[Event "Statisztika"]
[Site "Budapest"]
[Date "1991.??.??"]
[Round "9"]
[White "Steckner, Johannes"]
[Black "Higatsberger, Michael"]
[Result "0-1"]
[WhiteElo "2300"]
[BlackElo "2200"]
[EventDate "1991.??.??"]
[PlyCount "80"]

1.d4 Nf6 2.c4 g6 3.g3 Bg7 4.Bg2 O-O 5.Nf3 c5 6.d5 d6 7.O-O e6 8.Nc3 exd5 
9.cxd5 a6 10.a4 Nbd7 11.e4 Rb8 12.Bf4 Ne8 13.Bg5 f6 14.Bd2 b5 15.axb5 axb5
16.b4 Ne5 17.Rb1 c4 18.Nd4 Bd7 19.Qc2 f5 20.exf5 Bxf5 21.Nxf5 gxf5 22.Ne2 
Nd3 23.Nf4 Nxf4 24.Bxf4 Nc7 25.Rfe1 Qf6 26.h4 Rfe8 27.Bf3 Ra8 28.Kg2 Rxe1 
29.Rxe1 Re8 30.Rxe8+ Nxe8 31.Qe2 Kf8 32.Qe3 c3 33.Qb6 c2 34.Qxb5 Bh6 35.
Qc4 Bxf4 36.Qxf4 Qc3 37.Qh6+ Ke7 38.Bh5 Ng7 39.Qg5+ Kd7 40.Qc1 Nxh5 0-1

[Event "Statisztika"]
[Site "Budapest"]
[Date "1991.??.??"]
[Round "9"]
[White "Varga, Sandor"]
[Black "Peters, Carsten"]
[Result "1/2-1/2"]
[WhiteElo "2205"]
[BlackElo "2275"]
[EventDate "1991.??.??"]
[PlyCount "44"]

1.e4 e6 2.d4 d5 3.Nd2 Nf6 4.e5 Nfd7 5.Bd3 c5 6.c3 Nc6 7.Ne2 cxd4 8.cxd4 f6
9.exf6 Nxf6 10.Nf3 Bd6 11.O-O O-O 12.Bg5 Qc7 13.Rc1 Ng4 14.Ng3 h6 15.Bd2 
Qe7 16.h3 Nxf2 17.Kxf2 Qh4 18.Kg1 Qxg3 19.Be1 Qf4 20.Bd2 Qg3 21.Be1 Qf4 
22.Bd2 Qg3 1/2-1/2

[Event "Statisztika"]
[Site "Budapest"]
[Date "1991.??.??"]
[Round "10"]
[White "Izsak, Gyula"]
[Black "Morvay, Miklos"]
[Result "1-0"]
[WhiteElo "2285"]
[BlackElo "2315"]
[EventDate "1991.??.??"]
[PlyCount "81"]

1.e4 e5 2.Nf3 Nc6 3.Bc4 Nf6 4.Nc3 Nxe4 5.Nxe4 d5 6.Bd3 f5 7.Ng3 e4 8.Bb5 
exf3 9.Qxf3 g6 10.Bxc6+ bxc6 11.Qc3 Kf7 12.Qxh8 Qe7+ 13.Kf1 Bg7 14.Qxh7 f4
15.Nh5 gxh5 16.Qxh5+ Kf8 17.d3 Qf6 18.Qf3 Rb8 19.h4 Bf5 20.Rb1 Rb4 21.b3 
Kg8 22.Bd2 Rb5 23.Qxf4 Qg6 24.Re1 d4 25.Qg3 Qxg3 26.fxg3 Rc5 27.Rc1 Rxc2 
28.Rxc2 Bxd3+ 29.Kf2 Bxc2 30.Re1 Kf7 31.h5 a5 32.g4 a4 33.g5 Bf8 34.g6+ 
Kf6 35.g4 axb3 36.axb3 Bxb3 37.g5+ Kg7 38.Bf4 Bc5 39.Be5+ Kg8 40.h6 d3+ 
41.Kg3 1-0

[Event "Statisztika"]
[Site "Budapest"]
[Date "1991.??.??"]
[Round "10"]
[White "Nemeth, Zoltan"]
[Black "Varga, Sandor"]
[Result "1-0"]
[WhiteElo "2345"]
[BlackElo "2205"]
[EventDate "1991.??.??"]
[PlyCount "139"]

1.Nf3 Nf6 2.d4 g6 3.Bf4 Bg7 4.e3 d6 5.h3 O-O 6.Bc4 c5 7.Nbd2 Nc6 8.O-O Nh5
9.Bh2 cxd4 10.exd4 Nxd4 11.Nxd4 Bxd4 12.g4 Ng7 13.c3 Bb6 14.Qb3 d5 15.Be2 
Be6 16.Rad1 f5 17.Nf3 fxg4 18.Ng5 Qc8 19.Nxe6 Qxe6 20.Bxg4 Qf7 21.Qxd5 h5 
22.Qxf7+ Rxf7 23.Be2 Raf8 24.Bc4 e6 25.Bd6 Rc8 26.Bb3 Rd8 27.c4 Bc7 28.Bb4
Rfd7 29.Rxd7 Rxd7 30.Re1 Kf7 31.Bc3 Re7 32.Ba4 Bf4 33.b4 Nf5 34.Bb3 Nh4 
35.Rd1 Nf3+ 36.Kg2 Be5 37.Bxe5 Nxe5 38.f4 Nc6 39.a3 e5 40.c5+ Kf6 41.Rd6+ 
Kf5 42.fxe5 Nxe5 43.Kg3 Ke4 44.Bd5+ Kf5 45.Ba2 Ke4 46.Bd5+ Kf5 47.Rd8 g5 
48.Rf8+ Kg6 49.Be4+ Kg7 50.Rb8 Nc6 51.Bxc6 bxc6 52.a4 Kf7 53.Rc8 Rb7 54.b5
cxb5 55.c6 Re7 56.axb5 Ke6 57.Rh8 Kd6 58.Rxh5 Re5 59.Rh6+ Kc7 60.Rh7+ Kb8 
61.Rb7+ Kc8 62.Kg4 Rc5 63.Rxa7 Rxb5 64.Rg7 Rc5 65.Rxg5 Rxc6 66.Rd5 Rg6+ 
67.Kh5 Rg8 68.h4 Rh8+ 69.Kg5 Rg8+ 70.Kf6 1-0

[Event "Statisztika"]
[Site "Budapest"]
[Date "1991.??.??"]
[Round "10"]
[White "Peters, Carsten"]
[Black "Lehmann, Heinz"]
[Result "1-0"]
[WhiteElo "2275"]
[BlackElo "2315"]
[EventDate "1991.??.??"]
[PlyCount "71"]

1.d4 Nf6 2.c4 g6 3.Nc3 d5 4.Nf3 Bg7 5.Bg5 dxc4 6.e4 c5 7.Bxc4 cxd4 8.e5 
O-O 9.Qxd4 Qxd4 10.Nxd4 Ng4 11.f4 Ne3 12.Bb3 h6 13.Bxe7 Re8 14.Bd6 Nxg2+ 
15.Kd2 Nxf4 16.Rhf1 g5 17.Nd5 Bh3 18.Rf3 Bg2 19.Rxf4 gxf4 20.Rg1 f3 21.
Nxf3 Bxf3 22.Nf6+ Kh8 23.Rxg7 Kxg7 24.Nxe8+ Kg6 25.Nc7 Nc6 26.Nxa8 Nd4 27.
Ke3 Nxb3 28.axb3 Bc6 29.Nc7 Kf5 30.h4 Kg4 31.Be7 Kg3 32.Kd4 Kf3 33.Nd5 Bd7
34.b4 b6 35.Nf6 Be6 36.Bf8 1-0

[Event "Statisztika"]
[Site "Budapest"]
[Date "1991.??.??"]
[Round "10"]
[White "Petran, Pal"]
[Black "Steckner, Johannes"]
[Result "1-0"]
[WhiteElo "2415"]
[BlackElo "2300"]
[EventDate "1991.??.??"]
[PlyCount "127"]

1.d4 Nf6 2.c4 e6 3.Nc3 d5 4.cxd5 exd5 5.Bg5 c6 6.Qc2 Be7 7.e3 O-O 8.Bd3 
Nbd7 9.Nge2 Re8 10.O-O h6 11.Bh4 Ne4 12.Bxe7 Qxe7 13.Rae1 f5 14.f3 Ndf6 
15.Nf4 Nd6 16.Ng6 Qf7 17.Ne5 Qh5 18.Ne2 Nh7 19.g4 Qg5 20.Ng3 g6 21.Kh1 
fxg4 22.Bxg6 Re7 23.fxg4 Bxg4 24.Rf4 h5 25.Nxh5 Bxh5 26.Rg1 Qxg1+ 27.Kxg1 
Rg7 28.Kh1 Bxg6 29.Nxg6 Re8 30.Ne5 Re6 31.Rg4 Rxg4 32.Nxg4 Ne4 33.Qa4 Rg6 
34.h3 a6 35.Qa5 Nhg5 36.Qd8+ Kh7 37.Qd7+ Rg7 38.Qf5+ Kh8 39.Qc8+ Kh7 40.
Kg2 Rf7 41.Qe8 Kg7 42.Qe5+ Kf8 43.Qh8+ Ke7 44.h4 Ne6 45.Ne5 Rg7+ 46.Kf1 
Ng3+ 47.Ke1 Nf5 48.Kf2 Nf8 49.Qh5 Ng3 50.Qh6 Ne4+ 51.Kf1 Rh7 52.Qf4 Ne6 
53.Ng6+ Kd7 54.Qg4 Kd6 55.Ke1 Rf7 56.Ne5 Rg7 57.Ng6 c5 58.dxc5+ N6xc5 59.
Qf4+ Ke6 60.Qe5+ Kf7 61.Qf5+ Nf6 62.Nf4 Ne4 63.Qe6+ Kf8 64.Qc8+ 1-0

[Event "Statisztika"]
[Site "Budapest"]
[Date "1991.??.??"]
[Round "11"]
[White "Higatsberger, Michael"]
[Black "Petran, Pal"]
[Result "0-1"]
[WhiteElo "2200"]
[BlackElo "2415"]
[EventDate "1991.??.??"]
[PlyCount "64"]

1.c4 c5 2.Nc3 Nc6 3.g3 g6 4.Bg2 Bg7 5.Rb1 b6 6.a3 Bb7 7.b4 cxb4 8.axb4 Qc8
9.c5 Nxb4 10.Bxb7 Qxb7 11.Nf3 bxc5 12.O-O a5 13.d4 cxd4 14.Nxd4 Nf6 15.Ba3
O-O 16.Nb3 Qc7 17.Nxa5 Na2 18.Nxa2 Rxa5 19.Bxe7 Rxa2 20.Bxf8 Bxf8 21.Qd4 
Qd6 22.Qxd6 Bxd6 23.e3 Be5 24.Rb5 d6 25.Kg2 h5 26.h4 Ne4 27.Kg1 Kg7 28.Rb4
d5 29.Rb6 Rd2 30.Ra6 d4 31.Ra5 Bf6 32.Ra4 Nc3 0-1

[Event "Statisztika"]
[Site "Budapest"]
[Date "1991.??.??"]
[Round "11"]
[White "Schneider, Attila"]
[Black "Kovacs, Janos"]
[Result "1-0"]
[WhiteElo "2385"]
[BlackElo "2345"]
[EventDate "1991.??.??"]
[PlyCount "81"]

1.d4 Nf6 2.c4 e6 3.Nc3 Bb4 4.e3 c5 5.Bd3 Nc6 6.Nf3 Bxc3+ 7.bxc3 d6 8.O-O 
e5 9.Nd2 O-O 10.d5 Ne7 11.Qc2 Ng6 12.f3 b6 13.g3 Ba6 14.e4 Qd7 15.a4 h5 
16.Rf2 h4 17.Nf1 Nh5 18.Qe2 Qh3 19.g4 Nhf4 20.Bxf4 Nxf4 21.Qd2 Bc8 22.Ne3 
Nxd3 23.Qxd3 g6 24.Kh1 Bd7 25.Qd2 Kh7 26.Rg1 Bxa4 27.Nf5 gxf5 28.Qg5 f4 
29.Qf6 Rg8 30.g5 Rg7 31.g6+ fxg6 32.Rg4 g5 33.Rxg5 Rxg5 34.Qxg5 Be8 35.Rg2
Qxg2+ 36.Kxg2 a5 37.Qxh4+ Kg6 38.Qg4+ Kf7 39.Qe6+ Kg7 40.Qxd6 a4 41.Qxb6 
1-0

[Event "Budapest Statisztika IM"]
[Site "Budapest"]
[Date "1992.??.??"]
[Round "1"]
[White "Hansen, Lars Bo"]
[Black "Foldi, Istvan"]
[Result "1/2-1/2"]
[WhiteElo "2510"]
[BlackElo "2325"]
[EventDate "1992.??.??"]
[PlyCount "99"]

1.e4 c5 2.Nf3 e6 3.d4 cxd4 4.Nxd4 a6 5.Nc3 Qc7 6.Bd3 Nf6 7.O-O Be7 8.Kh1 
d6 9.f4 Nbd7 10.Qe2 b6 11.Bd2 g6 12.Rae1 O-O 13.Rf3 Bb7 14.Rh3 e5 15.Nf3 
exf4 16.Bxf4 Rfe8 17.Ng5 b5 18.Qf2 Nf8 19.Qg3 Qd7 20.Rf1 Rac8 21.e5 dxe5 
22.Bxe5 Rc6 23.Nxf7 Kxf7 24.Rxh7+ Nxh7 25.Qxg6+ Kf8 26.Qxh7 Qe6 27.Qh6+ 
Kg8 28.Qg6+ Kf8 29.Bf4 Bd8 30.Bh6+ Ke7 31.Bg5 Rf8 32.Bh4 Rf7 33.Re1 Qxe1+ 
34.Bxe1 Kf8 35.Bd2 Ke7 36.Qh6 Kd7 37.Bf5+ Ke7 38.Bg5 Rd6 39.Bg6 b4 40.Bxf7
bxc3 41.Bh5 Re6 42.Bh4 Kd6 43.Qf4+ Kd7 44.Bg6 cxb2 45.Qb4 Rb6 46.Bf5+ Ke8 
47.Bg6+ Kd7 48.Bf5+ Ke8 49.Bg6+ Kd7 50.Bf5+ 1/2-1/2

[Event "Budapest Statisztika IM"]
[Site "Budapest"]
[Date "1992.??.??"]
[Round "1"]
[White "Izsak, Gyula"]
[Black "Higatsberger, Michael"]
[Result "1-0"]
[WhiteElo "2330"]
[BlackElo "2205"]
[EventDate "1992.??.??"]
[PlyCount "117"]

1.d4 Nf6 2.c4 c5 3.Nf3 g6 4.Nc3 Bg7 5.g3 O-O 6.Bg2 cxd4 7.Nxd4 Nc6 8.O-O 
Ng4 9.e3 Nge5 10.Qe2 Nxd4 11.exd4 Nc6 12.d5 Nd4 13.Qd3 d6 14.Bg5 Bf5 15.
Ne4 Qd7 16.Be3 Bxe4 17.Bxe4 Nf5 18.Bxf5 Qxf5 19.Qxf5 gxf5 20.Rac1 Bxb2 21.
Rb1 Bf6 22.Rxb7 Rfb8 23.Rfb1 Rxb7 24.Rxb7 a6 25.Rb6 Kf8 26.Kf1 Ke8 27.Ke2 
Kd7 28.Kd3 e6 29.Rb7+ Ke8 30.dxe6 fxe6 31.Rxh7 Rc8 32.Rb7 Rc6 33.f3 e5 34.
a4 e4+ 35.fxe4 fxe4+ 36.Kxe4 Rxc4+ 37.Kf5 Be7 38.a5 d5 39.Bf4 d4 40.Ke4 
Ra4 41.Bd2 Ra2 42.Kd3 Bd8 43.Ra7 Bxa5 44.Bxa5 Rxa5 45.Kxd4 Ra2 46.h4 Ra3 
47.Rg7 Kf8 48.Rg6 Kf7 49.h5 Ra4+ 50.Ke3 a5 51.g4 Rb4 52.Kf3 a4 53.Ra6 Kg7 
54.h6+ Kh7 55.g5 Rb5 56.Kg4 Rb4+ 57.Kh5 Kg8 58.Ra8+ Kf7 59.h7 1-0

[Event "Budapest Statisztika IM"]
[Site "Budapest"]
[Date "1992.??.??"]
[Round "1"]
[White "Koerholz, Ludger"]
[Black "Berebora, Ferenc"]
[Result "0-1"]
[WhiteElo "2255"]
[BlackElo "2330"]
[EventDate "1992.??.??"]
[PlyCount "140"]

1.d4 Nf6 2.c4 g6 3.Nc3 d5 4.Nf3 Bg7 5.e3 O-O 6.Be2 c5 7.O-O cxd4 8.exd4 
Nc6 9.Re1 Be6 10.c5 Ne4 11.Be3 Nxc3 12.bxc3 b6 13.cxb6 axb6 14.Qd2 Bg4 15.
Bh6 Bxf3 16.Bxf3 Na5 17.Be2 Qc7 18.Bxg7 Kxg7 19.Bd3 Rfc8 20.Rac1 e6 21.Re3
Qf4 22.Rb1 Rc6 23.Bb5 Rc7 24.h4 h5 25.g3 Qd6 26.Rf3 Nc4 27.Bxc4 Rxc4 28.
Qg5 Rc7 29.Rb2 Ra3 30.Rc2 b5 31.Rb2 Qd7 32.Qe5+ Kg8 33.Rxb5 Qxb5 34.Qxc7 
Qe8 35.Re3 Rxa2 36.Re1 Qa8 37.Rb1 Ra1 38.Qb6 Qa2 39.Rxa1 Qxa1+ 40.Kg2 Qxc3
41.Qb8+ Kg7 42.Qe5+ Kh7 43.Qf4 Kg7 44.Qe5+ Kf8 45.Qd6+ Ke8 46.Qb8+ Ke7 47.
Qa7+ Kf6 48.Qb8 Qc6 49.Qf8 Qc7 50.Kh2 e5 51.Kg2 exd4 52.Qh8+ Ke6 53.Qxd4 
Qe5 54.Qb6+ Ke7 55.Qb4+ Kf6 56.Kf3 Kg7 57.Qa4 Qf5+ 58.Ke3 Kf6 59.Qb4 Qe5+ 
60.Kd3 Kf5 61.Kd2 Qe4 62.Qb7 Kg4 63.Qxf7 Kh3 64.Qf8 Kg2 65.Qf6 Kh3 66.Qf8 
Qf5 67.Qc5 Kg2 68.Ke1 Qe4+ 69.Kd2 d4 70.Qf8 Qf3 0-1

[Event "Budapest Statisztika IM"]
[Site "Budapest"]
[Date "1992.??.??"]
[Round "1"]
[White "Petran, Pal"]
[Black "Almasi, Istvan"]
[Result "0-1"]
[WhiteElo "2470"]
[BlackElo "2350"]
[EventDate "1992.??.??"]
[PlyCount "80"]

1.Nf3 e6 2.g3 d5 3.Bg2 Nf6 4.O-O Be7 5.d3 O-O 6.Nbd2 c5 7.e4 Nc6 8.Re1 Qc7
9.c3 b5 10.Qe2 a5 11.e5 Nd7 12.Nf1 Ba6 13.Bf4 a4 14.h4 c4 15.d4 b4 16.a3 
bxc3 17.bxc3 Qa5 18.Qe3 Rfb8 19.N3d2 Rb2 20.Rec1 Qb5 21.h5 Na5 22.h6 g6 
23.Bg5 Bf8 24.Rcb1 Rxb1 25.Rxb1 Nb3 26.Qf4 Bxa3 27.Ne3 Re8 28.Ng4 Bf8 29.
Nf3 a3 30.Kh2 a2 31.Re1 a1=Q 32.Rxa1 Nxa1 33.Bf6 Qb1 34.Nh4 Nb3 35.Qg5 Qc1
36.f4 Nd2 37.f5 exf5 38.Ne3 Ne4 39.Bxe4 dxe4 40.Nhxf5 Qd2+ 0-1

[Event "Budapest Statisztika IM"]
[Site "Budapest"]
[Date "1992.??.??"]
[Round "1"]
[White "Szell, Lajos"]
[Black "Hohler, Peter"]
[Result "1-0"]
[WhiteElo "2315"]
[BlackElo "2295"]
[EventDate "1992.??.??"]
[PlyCount "125"]

1.e4 e5 2.Nf3 Nc6 3.Bb5 a6 4.Ba4 Nf6 5.O-O Be7 6.Re1 b5 7.Bb3 O-O 8.d3 d6 
9.c3 Na5 10.Bc2 c5 11.Nbd2 Re8 12.Nf1 Nc6 13.Bg5 h6 14.Bh4 Be6 15.d4 cxd4 
16.cxd4 Bg4 17.dxe5 dxe5 18.Ne3 Bxf3 19.Qxf3 Nd4 20.Qd1 Rc8 21.Bxf6 Bxf6 
22.Bb3 Be7 23.Bd5 Bg5 24.Qh5 Qe7 25.Rad1 Rc7 26.g3 Bxe3 27.fxe3 Qg5 28.
Qxg5 Nf3+ 29.Kg2 Nxg5 30.h4 Ne6 31.Re2 g6 32.Kf3 Kg7 33.Bb3 h5 34.Rd6 a5 
35.Rb6 Rc5 36.Rd2 Rd8 37.Rd5 Rdc8 38.Rd7 Kf6 39.Rxf7+ Kxf7 40.Bxe6+ Kg7 
41.Bxc8 Rxc8 42.Rxb5 a4 43.Rxe5 Rf8+ 44.Ke2 Rb8 45.b3 axb3 46.axb3 Rxb3 
47.Ra5 Rb6 48.e5 g5 49.e6 gxh4 50.gxh4 Rxe6 51.Rxh5 Ra6 52.Rf5 Kg6 53.e4 
Ra3 54.h5+ Kg7 55.e5 Rb3 56.Rf3 Rb5 57.Rf5 Rb3 58.Rf3 Rb5 59.Re3 Rb4 60.e6
Rb8 61.Kf3 Re8 62.e7 Kh6 63.Kf4 1-0

[Event "Budapest Statisztika IM"]
[Site "Budapest"]
[Date "1992.??.??"]
[Round "2"]
[White "Berebora, Ferenc"]
[Black "Hansen, Lars Bo"]
[Result "0-1"]
[WhiteElo "2330"]
[BlackElo "2510"]
[EventDate "1992.??.??"]
[PlyCount "82"]

1.Nf3 g6 2.c4 Bg7 3.d4 Nf6 4.Nc3 O-O 5.e4 d6 6.Be2 e5 7.O-O Nc6 8.d5 Ne7 
9.Nd2 Nd7 10.Rb1 f5 11.b4 Kh8 12.Qc2 f4 13.Bg4 Ng8 14.f3 Nh6 15.Be6 g5 16.
h3 Nf6 17.Bxc8 Rxc8 18.c5 Rf7 19.Nc4 Bf8 20.Na5 Rb8 21.Qf2 Rg7 22.cxd6 
cxd6 23.Bd2 Nh5 24.Ne2 Qe8 25.Rfc1 Nf6 26.Rb3 g4 27.hxg4 Be7 28.Rbc3 Nhxg4
29.Qxa7 Rg8 30.Rc7 Nxe4 31.Nc6 Bh4 32.fxg4 Bf2+ 33.Qxf2 Nxf2 34.Nxb8 Nxg4 
35.Nd7 Qh5 36.Rc8 Qh2+ 37.Kf1 Qh1+ 38.Ng1 Nh2+ 39.Ke2 Qxg2+ 40.Kd3 Qxd5+ 
41.Ke2 Qb5+ 0-1

[Event "Budapest Statisztika IM"]
[Site "Budapest"]
[Date "1992.??.??"]
[Round "2"]
[White "Fancsy, Imre"]
[Black "Szell, Lajos"]
[Result "1/2-1/2"]
[WhiteElo "2310"]
[BlackElo "2315"]
[EventDate "1992.??.??"]
[PlyCount "111"]

1.Nf3 Nf6 2.c4 g6 3.g3 Bg7 4.Bg2 O-O 5.d4 d6 6.Nc3 c5 7.O-O Nc6 8.dxc5 
dxc5 9.Be3 Qa5 10.Qb3 Ng4 11.Bf4 Nd4 12.Nxd4 cxd4 13.Nd5 e5 14.Bg5 f6 15.
Bc1 Rb8 16.Ne7+ Kh8 17.Nc6 bxc6 18.Qxb8 Be6 19.Qb3 Qa6 20.Qf3 c5 21.b3 f5 
22.Qc6 Qxc6 23.Bxc6 e4 24.Rb1 Rc8 25.Bb5 h6 26.f3 Ne5 27.Bf4 a6 28.Bxa6 
Ra8 29.Bb7 Rxa2 30.fxe4 Rxe2 31.exf5 Bxf5 32.Rbe1 d3 33.Rxe2 dxe2 34.Re1 
Bd3 35.Bd2 g5 36.h3 h5 37.Kg2 g4 38.hxg4 hxg4 39.Bd5 Bf6 40.Rh1+ Kg7 41.
Be1 Bc2 42.Kf2 Bd1 43.Be4 Bxb3 44.Kxe2 Bxc4+ 45.Kd1 Bb3+ 46.Kc1 Be6 47.
Rh7+ Kg8 48.Rc7 c4 49.Bc3 Nd7 50.Kc2 Bxc3 51.Kxc3 Nf6 52.Kd4 Bf7 53.Ke5 
Nh5 54.Bf5 Nxg3 55.Bxg4 Nh5 56.Rxf7 1/2-1/2